|
|
|
|
| LEADER |
00000nam a2200000 i 4500 |
| 001 |
115439 |
| 003 |
CZ ZlUTB |
| 005 |
20260402102701.0 |
| 007 |
ta |
| 008 |
260402s2024 xxua e f 001 0 eng d |
| 020 |
|
|
|a 978-1-138-35948-2
|q (brožováno)
|
| 040 |
|
|
|a ZLD002
|b cze
|e rda
|
| 044 |
|
|
|a xxu
|a xxk
|
| 072 |
|
7 |
|a 37
|x Výchova a vzdělávání
|2 Konspekt
|9 22
|
| 080 |
|
|
|a 37.015.3
|2 MRF
|
| 080 |
|
|
|a (035)
|2 MRF
|
| 245 |
0 |
0 |
|a Handbook of educational psychology /
|c edited by Paul A. Schutz and Krista R. Muis
|
| 250 |
|
|
|a Fourth edition
|
| 264 |
|
1 |
|a New York ;
|a London :
|b Routledge, Taylor & Francis Group,
|c 2024
|
| 300 |
|
|
|a viii, 794 stran :
|b ilustrace ;
|c 26 cm
|
| 336 |
|
|
|a text
|b txt
|2 rdacontent
|
| 337 |
|
|
|a bez média
|b n
|2 rdamedia
|
| 338 |
|
|
|a svazek
|b nc
|2 rdacarrier
|
| 500 |
|
|
|a Editoři předchozího vydání 2016 jsou Lyn Corno and Eric M. Anderman
|
| 504 |
|
|
|a Obsahuje bibliografie a rejstříky
|
| 650 |
0 |
7 |
|a pedagogická psychologie
|7 ph124012
|2 czenas
|
| 650 |
0 |
9 |
|a educational psychology
|2 eczenas
|
| 655 |
|
7 |
|a příručky
|7 fd133209
|2 czenas
|
| 655 |
|
9 |
|a handbooks and manuals
|2 eczenas
|
| 700 |
1 |
|
|a Schutz, Paul A.,
|d 1953-
|7 utb2016923315
|4 edt
|
| 700 |
1 |
|
|a Muis, Krista R.,
|d 1973-
|7 utb2018981169
|4 edt
|
| 710 |
2 |
|
|a Routledge (firma)
|7 xx0342426
|4 pbl
|
| 710 |
2 |
|
|a Taylor & Francis
|7 kn20091109006
|4 pbl
|
| 910 |
|
|
|a ZLD002
|
| 928 |
9 |
|
|a Taylor & Francis Group
|
| 942 |
|
|
|2 udc
|
| 952 |
|
|
|0 0
|1 0
|4 0
|5 0
|6 37HANDBOOK
|7 0
|8 BOOK
|9 190592
|a UTBZL
|b UTBZL
|c 005
|d 2026-04-02
|l 0
|o 37/HANDBOOK
|p 420010201884
|r 2026-04-02 10:27:36
|v 1744.00
|w 2026-04-02
|x N:nákup
|y 01
|
| 992 |
|
|
|a BK
|b SKNEW
|
| 999 |
|
|
|c 115439
|d 115439
|